Statistiken für 30 Größten Stadien in Deutschland

Klicken Sie hier um das Quiz zu spielen!

Allgemein

  • Dieses Quiz wurde 685 mal gespielt
    (397 seit der letzten Aktualisierung)
  • Das Durchschnittsergebnis liegt bei 23 aus 30

Antwortstatistiken

RangPlätzeAntwort% Korrekt
181.365Signal Iduna Park (Dortmund)
100%
275.021Allianz Arena (München)
99%
374.475Olympiastadion Berlin (Berlin)
93%
1547.069Red Bull Arena (Leipzig)
92%
1150.000Rheinenergiestadion (Köln)
90%
857.000Volksparkstadion (Hamburg)
90%
758.000Deutsche Bank Park (Frankfurt)
88%
562.271Veltins-Arena (Gelsenkirchen)
88%
1642.100Weserstadion (Bremen)
86%
660.449MHPArena (Stuttgart)
85%
1150.000Max-Morlock-Stadion (Nürnberg)
81%
954.600Merkur Spiel-Arena (Düsseldorf)
81%
2829.546Millerntor (Hamburg)
81%
2430.210BayArena (Leverkusen)
80%
1054.022Borussia-Park (Mönchengladbach)
80%
1449.200Heinz-von-Heiden-Arena (Hannover)
78%
1734.700Europa-Park Stadion (Freiburg)
77%
2132.249Rudolf-Harbig-Stadion (Dresden)
77%
1933.305Mewa Arena (Mainz)
75%
2730.000Volkswagen Arena (Wolfsburg)
75%
2330.660WWK-Arena (Augsburg)
75%
1349.850Fritz-Walter-Stadion (Kaiserslautern)
73%
469.250Olympiastadion München (München)
72%
2530.150PreZero-Arena (Sinsheim)
70%
3028.000Rosenaustadion (Augsburg)
70%
2829.000Ostseestadion (Rostock)
58%
1834.200BBBank Wildpark (Karlsruhe)
57%
2032.960Tivoli (Aachen)
57%
2231.500Schauinsland-Reisen-Arena (Duisburg)
55%
2630.098MDCC-Arena (Magdeburg)
49%

Verteilung der Resultate

Perzentil nach korrekt beantworteten Fragen

Anzahl Personen mit jedem Resultat

Ihre Resultats-Entwicklung

Sie haben dieses Quiz seit der letzten Aktualisierung nicht gespielt